000 00310 a2200133 4500
001 121298
020 _a9781557999412
040 _cEscola Canadense de Niteroi
100 _aKristen Kunkel
245 1 0 _aNonfiction Reading Practice Grade 2
250 _a1 ed
650 4 _aEducation, Bilingual
942 _cBK
999 _c121298
_d121298